Länder, die größer als ihre Nachbarn sind - Statistiken

Allgemein
  • Dieses Quiz wurde 1.164 mal gespielt
  • Das Durchschnittsergebnis liegt bei 9 aus 14
Antwortstatistiken
# Grenzen Land % Korrekt
14 Russland
99%
1 Kanada
93%
10 Brasilien
91%
6 Algerien
70%
9 D.R. Kongo
70%
6 Südafrika
70%
3 Indonesien
67%
7 Saudi-Arabien
65%
7 Iran
62%
2 Schweden
60%
1 Vereinigtes Königreich
54%
7 Sudan
53%
1 Dominikanische Republik
39%
2 Nicaragua
32%
Keine übereinstimmenden Quizze gefunden
Verteilung der Resultate
Anzahl Personen mit jedem Resultat
Perzentil nach korrekt beantworteten Fragen
Ihre Resultats-Entwicklung
Sie haben dieses Quiz noch nicht gespielt